[Event "Tsiolkovsky Mem"]
[Site "Kaluga RUS"]
[Date "2007.08.03"]
[Round "1"]
[White "Mytarev,O"]
[Black "Losev,D"]
[Result "0-1"]
[WhiteElo "1984"]
[BlackElo "2376"]

1.d4 Nf6 2.Bg5 e6 3.e3 h6 4.Bh4 c5 5.c3 Qb6 6.Qb3 Nc6 7.Bd3 d5 8.Nd2 c4 9.Qxb6 axb6
10.Bc2 b5 11.Ngf3 b4 12.O-O bxc3 13.bxc3 Ra3 14.Nb1 Ra6 15.Nbd2 Ba3 16.Rab1 g5
17.Bg3 Nh5 18.Bc7 Kd7 19.Bg3 Nxg3 20.hxg3 f5 21.Nh2 h5 22.f4 g4 23.Kf2 Kc7
24.Rh1 Bd7 25.e4 Na7 26.exd5 exd5 27.Nhf1 Nb5 28.Rxb5 Bxb5 29.Bxf5 Bc1 30.Nb1 Rxa2+
31.Kg1 Bd7 32.Bg6 Be8 33.Bxe8 Rxe8 34.Rxh5 Ree2 35.Rxd5 Rxg2+ 36.Kh1 Rgb2
37.Rc5+ Kd6 38.Rxc4 Rxb1  0-1

[Event "HZ Open"]
[Site "Vlissingen NED"]
[Date "2007.08.05"]
[Round "3"]
[White "Hahnen,E"]
[Black "Stange,S"]
[Result "1/2-1/2"]
[WhiteElo "1908"]
[BlackElo "2144"]

1.d4 Nf6 2.Bg5 e6 3.e4 Be7 4.Nd2 d6 5.c3 h6 6.Be3 c5 7.dxc5 dxc5 8.f3 Nc6
9.Nb3 Qxd1+ 10.Rxd1 b6 11.Bb5 Bb7 12.Nh3 O-O 13.O-O Rfd8 14.Nf2 Ne5 15.Be2 Bc6
16.Nc1 Ba4 17.b3 Bc6 18.Ncd3 Nxd3 19.Rxd3 Rxd3 20.Bxd3 Nd7 21.Rd1 Bf6 22.Rc1 Rd8
23.Kf1 Ne5 24.Ke2 Ng6 25.g3 Bb7 26.Ng4 Be7 27.f4 h5 28.Nf2 Bf8 29.e5 Ne7
30.b4 Nd5 31.b5 Be7  1/2-1/2

[Event "Petrovskaya Ladya IM1"]
[Site "Peterhof RUS"]
[Date "2007.08.06"]
[Round "1"]
[White "Romcovici,V"]
[Black "Zhidkov,V"]
[Result "1/2-1/2"]
[WhiteElo "2232"]
[BlackElo "2353"]

1.d4 Nf6 2.Bg5 e6 3.e4 h6 4.Bxf6 Qxf6 5.c3 d6 6.Bd3 g6 7.Ne2 Bg7 8.O-O O-O
9.f4 Qe7 10.Nd2 Nd7 11.Nf3 c5 12.e5 cxd4 13.cxd4 dxe5 14.dxe5  1/2-1/2

[Event "ch-ISL"]
[Site "Reykjavik ISL"]
[Date "2007.08.06"]
[Round "9"]
[White "Kristjansson,St"]
[Black "Ptacnikova,L"]
[Result "1/2-1/2"]
[WhiteElo "2458"]
[BlackElo "2239"]

1.d4 Nf6 2.Bg5 e6 3.e4 h6 4.Bxf6 Qxf6 5.Nc3 Bb4 6.Qd3 O-O 7.e5 Qe7 8.O-O-O d6
9.f4 c5 10.Ne4 cxd4 11.a3 Bc5 12.Nf3 dxe5 13.fxe5 Nc6 14.g4 Bb6 15.g5 g6
16.Nf6+ Kg7 17.gxh6+ Kh8 18.Qe4 Bc7 19.Qf4 Bd8 20.Ne4 Qc7 21.Rg1 Be7 22.Bd3 Bd7
23.Nf6 b5 24.Nxd7 Qxd7 25.Bxb5 Rab8 26.Nxd4 Nxd4 27.Bc4 Qb7 28.Qxd4 Rfd8
29.Qc3 Rxd1+ 30.Rxd1 Bg5+ 31.Kb1 Bxh6 32.b3 Bg7 33.Rf1 Kg8 34.h4 Qe4 35.Re1 Qxh4
36.Ka2 Rd8 37.Qe3  1/2-1/2

[Event "UTwente YM"]
[Site "Hengelo NED"]
[Date "2007.08.07"]
[Round "3"]
[White "Broekmeulen,Ja"]
[Black "Pruijssers,R"]
[Result "1-0"]
[WhiteElo "2283"]
[BlackElo "2427"]

1.d4 Nf6 2.Bg5 e6 3.e3 Be7 4.Nd2 O-O 5.Bd3 c5 6.Bxf6 Bxf6 7.Qh5 g6 8.Qxc5 Nc6
9.c3 d6 10.Qa3 e5 11.d5 Nb8 12.e4 Be7 13.Ne2 f5 14.b4 h5 15.Qb3 Rf7 16.a3 Qf8
17.O-O-O Bg5 18.f3 Nd7 19.Kb2 h4 20.Qc2 Kg7 21.exf5 gxf5 22.f4 Bd8 23.fxe5 dxe5
24.d6 Rf6 25.Rhf1 e4 26.Bc4 Ne5 27.Bb3 Nd3+ 28.Kb1 Qxd6 29.Nc4 Qe7 30.Ne3 Rf8
31.Nd5 Qg5 32.g3 h3 33.Nef4 Nxf4 34.gxf4 Qh4 35.Rg1+ Kh8 36.Qd2 Qh6 37.Qd4+ Kh7
38.Rg3 Bh4 39.Rxh3 Be6 40.Rg1 Rf7 41.Qe5 Re8 42.Nc7 Bxb3 43.Nxe8 Be6  1-0

[Event "Open"]
[Site "Kavala GRE"]
[Date "2007.08.07"]
[Round "4"]
[White "Nikolov,M"]
[Black "Perunovic,Mil"]
[Result "1/2-1/2"]
[WhiteElo "2474"]
[BlackElo "2589"]

1.d4 Nf6 2.Bg5 e6 3.e4 h6 4.Bxf6 Qxf6 5.c3 c5 6.d5 e5 7.Nf3 d6 8.a4 Qd8 9.Na3 Be7
10.Bd3 O-O 11.O-O Nd7 12.Nc4 Nf6 13.Nfd2 Bg4 14.Be2 Bd7 15.b4 Rc8 16.Qb3 cxb4
17.cxb4 Ne8 18.Na5 Bg5 19.Ndc4 Qc7 20.b5 Qb8 21.b6 a6 22.Nxb7 Qxb7 23.Na5 Qb8
24.Bxa6 Rc5 25.Nb7 Rc8 26.Na5 Rc5 27.Nb7  1/2-1/2

[Event "ch-Euro Rapid Women"]
[Site "Predeal ROM"]
[Date "2007.08.08"]
[Round "4"]
[White "Raeva,E"]
[Black "Stefanova,M"]
[Result "1-0"]
[WhiteElo "2215"]
[BlackElo "2018"]

1.d4 Nf6 2.Bg5 e6 3.e4 Be7 4.Bd3 d5 5.e5 Ne4 6.Bxe7 Qxe7 7.c3 c5 8.Nd2 cxd4
9.Bxe4 dxe4 10.Nxe4 O-O 11.cxd4 Nc6 12.Nf3 b6 13.O-O Ba6 14.Re1 Bc4 15.a3 Rad8
16.Rc1 Bd5 17.Rc3 Qd7 18.Qc2 h6 19.Qc1 Bxe4 20.Rxe4 Ne7 21.Nh4 Nf5 22.Nxf5 exf5
23.Rh4 Qe7 24.Rch3 Rc8 25.Qd2 Qc7 26.g4 Qc1+ 27.Qxc1 Rxc1+ 28.Kg2 fxg4 29.Rxg4 Rd1
30.Rhg3 g6 31.h4 Rd8 32.e6 fxe6 33.Rxg6+ Kf7 34.Rg7+ Kf6 35.R3g6+ Kf5 36.Rxh6 R1xd4
37.Rg5+ Kf4 38.Rf6+ Ke4 39.Rxe6+ Kf4 40.Rf6+ Ke4 41.Rf7 Kd3 42.h5 a5 43.h6 Rh4
44.h7 Rh8 45.Rgg7 Kc2 46.b4 a4 47.Re7 Kb3 48.Re3+ Kb2 49.Rh3 Rxh3 50.Kxh3 Kxa3
51.Kh4 Kxb4 52.Kh5 a3 53.Kh6 a2 54.Ra7 Kb3 55.f4 b5 56.f5 Kb2 57.Kg7 Rb8
58.h8=Q Rxh8 59.Kxh8 a1=Q 60.Rxa1 Kxa1 61.f6 b4 62.f7 b3 63.f8=Q b2 64.Qa3+ Kb1
65.Kg7 Kc2 66.Qc5+ Kd2 67.Qd4+ Kc2 68.Qc4+ Kd1 69.Qb3+ Kc1 70.Qc3+ Kb1 71.Kf6 Ka2
72.Qc4+ Ka3 73.Qa6+ Kb3 74.Qb5+ Kc2 75.Qc4+ Kd2 76.Qb3 Kc1 77.Qc3+ Kb1 78.Ke5 Ka2
79.Qa5+ Kb3 80.Qb5+ Kc2 81.Qc4+ Kd1 82.Qb3+ Kc1 83.Qc3+ Kb1 84.Kd4 Ka2 85.Qa5+ Kb3
86.Qb5+ Kc2 87.Qd3+ Kc1 88.Qc3+ Kb1 89.Kc4 Ka2 90.Qb3+ Ka1 91.Qa4+ Kb1 92.Kc3  1-0

[Event "UTwente YM"]
[Site "Hengelo NED"]
[Date "2007.08.09"]
[Round "6"]
[White "Ernst,S"]
[Black "Pruijssers,R"]
[Result "1-0"]
[WhiteElo "2555"]
[BlackElo "2427"]

1.d4 Nf6 2.Bg5 e6 3.e3 b6 4.Nf3 Bb7 5.c4 Be7 6.Nc3 O-O 7.Bd3 d5 8.O-O Nbd7
9.Qe2 h6 10.Bh4 Ne4 11.Bg3 Nxg3 12.hxg3 c5 13.cxd5 exd5 14.Rad1 cxd4 15.Nxd4 Nf6
16.Qc2 a6 17.Qb3 Re8 18.Rfe1 Bf8 19.Re2 Qd6 20.a3 b5 21.Red2 Rad8 22.Bb1 Qb6
23.Nc2 Ne4 24.Nxe4 dxe4 25.Ba2 Rxd2 26.Qxf7+ Kh7 27.Rxd2 Rc8 28.Be6 Rd8 29.Rd7 Bc8
30.Qf5+  1-0

[Event "Arctic Chess Challenge"]
[Site "Tromso NOR"]
[Date "2007.08.09"]
[Round "6"]
[White "Lie,Es"]
[Black "Stubberud,O"]
[Result "1/2-1/2"]
[WhiteElo "2404"]
[BlackElo "2231"]

1.d4 Nf6 2.Bg5 e6 3.e4 h6 4.Bxf6 Qxf6 5.Nc3 Bb4 6.a3 Ba5 7.Ne2 d6 8.Qd3 a6
9.f4 O-O 10.O-O-O b5 11.e5 dxe5 12.dxe5 Qe7 13.g4 Bb7 14.Rg1 Bb6 15.Bg2 Nc6
16.Ne4 Rad8 17.Qh3 Bxg1 18.Rxg1 Nd4 19.N2c3 Bxe4 20.Bxe4 c5 21.Qe3 b4 22.Nb1 f5
23.gxf5 Nxf5 24.Bxf5 Rxf5 25.axb4 cxb4 26.Nd2 Qh4 27.Qg3 Qxg3 28.hxg3 h5
29.Nf3 Kf8 30.Rh1 Ke7 31.b3 Rd5 32.Kb2 Kd7 33.Nh4 Rf8 34.Ng2 g6 35.Ne3 Rd4
36.Nc4 Kc6 37.Ra1 Ra8 38.c3 bxc3+ 39.Kxc3 Rd5 40.b4 Kb7 41.Nd6+ Kb6 42.b5 Rc5+
43.Kd4 Rd5+ 44.Kc3 Rc5+ 45.Kd4 Rd5+ 46.Kc3  1/2-1/2

[Event "HZ Open"]
[Site "Vlissingen NED"]
[Date "2007.08.09"]
[Round "7"]
[White "Piket,Jo"]
[Black "Afek,Y"]
[Result "0-1"]
[WhiteElo "2216"]
[BlackElo "2350"]

1.d4 Nf6 2.Bg5 e6 3.e4 h6 4.Bxf6 Qxf6 5.Nf3 d6 6.c3 Nd7 7.Nbd2 g6 8.Bd3 Bg7
9.Qe2 a6 10.a4 O-O 11.h4 e5 12.dxe5 dxe5 13.Nc4 h5 14.Ne3 Nc5 15.Bc4 c6 16.Ng5 a5
17.g4 hxg4 18.Nxg4 Qf4 19.Rg1 Kh8 20.f3 Be6 21.Bxe6 fxe6 22.Qc4 b6 23.b4 axb4
24.cxb4 Nxa4 25.Qxc6 Rfd8 26.Qxe6 Nc5 27.Nf7+ Kh7 28.Ng5+ Qxg5 29.hxg5 Rxa1+
30.Kf2 Nxe6 31.Rxa1 Nxg5 32.Ra7 Kg8 33.Re7 Rf8 34.Rb7 Rxf3+ 35.Ke2 Rf4 36.Ne3 Nxe4
37.Rxb6 Nc3+ 38.Kd2 Ne4+ 39.Kd3 g5 40.Nd5 Rh4 41.Ne7+ Kh7 42.Ng6 Nf2+  0-1

[Event "Tsiolkovsky Mem"]
[Site "Kaluga RUS"]
[Date "2007.08.10"]
[Round "7"]
[White "Mytarev,O"]
[Black "Skripchenko,N"]
[Result "0-1"]
[WhiteElo "1984"]
[BlackElo "2043"]

1.d4 Nf6 2.Bg5 e6 3.e3 d5 4.c3 Nbd7 5.Nf3 c6 6.Nbd2 Be7 7.Bd3 h6 8.Bh4 O-O
9.O-O Nh5 10.Bxe7 Qxe7 11.Ne5 Nhf6 12.f4 Nxe5 13.fxe5 Nd7 14.e4 Nb6 15.Rf3 c5
16.Rg3 cxd4 17.cxd4 f6 18.Qh5 dxe4 19.Nxe4 f5 20.Nd6 Kh8 21.Rf1 Bd7 22.Rg6 Nc8
23.Rxh6+ gxh6 24.Qxh6+ Kg8 25.Rf3 f4 26.Rh3 Qg7 27.Qxg7+ Kxg7 28.Rh7+ Kg8
29.Rxd7 Nxd6 30.Rxd6 Rfe8 31.Bc4 Kf7 32.d5 exd5 33.Rxd5 Ke7 34.Kf2 Rad8 35.Rb5 b6
36.Kf3 Rh8 37.h3 Rh7 38.e6 Rd4 39.Bb3 Rg7 40.Rd5 Rg3+ 41.Kf2 Rxd5 42.Bxd5 Rd3
43.Bb3 Kf6 44.h4 a5 45.Bc4 Rd2+ 46.Kf3 Rxb2 47.h5 b5 48.Bb3 Rd2 49.h6 Rd8
50.h7 Rh8 51.e7 Re8 52.Kxf4 Kg7 53.Ke5 Rxe7+ 54.Kd6 Re3 55.Kc5 Re5+ 56.Kd4 Rg5
57.Bg8 Rxg2 58.Kc3 Rg3+ 59.Kb2 Rh3 60.Kc2 Kf6 61.Kd2 Ke5 62.Ke2 b4 63.Kf2 Kf6
64.Kg2 Rh6 65.Kg3 Kg7 66.Kf4 Rd6 67.Ke4 a4 68.Ke3 Rd8 69.Ke2 b3 70.axb3 a3
71.b4 Rxg8  0-1

[Event "Open"]
[Site "Callao PER"]
[Date "2007.08.11"]
[Round "5"]
[White "Quiroz,C"]
[Black "Calcina,G"]
[Result "0-1"]
[WhiteElo "2095"]
[BlackElo "2126"]

1.d4 Nf6 2.Bg5 e6 3.Nf3 b6 4.e3 Bb7 5.Bd3 Be7 6.c4 d5 7.Nc3 Nbd7 8.cxd5 Nxd5
9.Bxe7 Qxe7 10.Rc1 O-O 11.O-O c5 12.Re1 Rfd8 13.Ne4 Nb4 14.Bb1 Nxa2 15.Rc4 Nb4
16.Qc1 Bd5 17.Rc3 Na2 18.Bxa2 Bxe4 19.Nd2 Bb7 20.dxc5 Nxc5 21.Bb1 Rd7 22.Nc4 Rad8
23.f3 Qg5 24.e4 Qxc1 25.Rexc1 Ba6 26.Ne3 h5 27.b4 Nd3 28.Bxd3 Rxd3 29.Kf2 Rxc3
30.Rxc3 Rd2+ 31.Ke1 Rb2 32.Ra3 Bb5 33.Rxa7 Re2+  0-1

[Event "HZ Open"]
[Site "Vlissingen NED"]
[Date "2007.08.11"]
[Round "9"]
[White "Piket,Jo"]
[Black "Van Haastert,E"]
[Result "1/2-1/2"]
[WhiteElo "2216"]
[BlackElo "2408"]

1.d4 Nf6 2.Bg5 e6 3.e4 h6 4.Bxf6 Qxf6 5.Nf3 d5 6.Nbd2 Qd8 7.c3 c5 8.Bb5+ Bd7
9.Bxd7+ Nxd7 10.exd5 exd5 11.O-O Be7 12.Qb3  1/2-1/2

[Event "FSGM August"]
[Site "Budapest HUN"]
[Date "2007.08.15"]
[Round "10"]
[White "Bui Vinh"]
[Black "Fogarasi,T"]
[Result "1/2-1/2"]
[WhiteElo "2466"]
[BlackElo "2425"]

1.d4 Nf6 2.Bg5 e6 3.Nd2 c5 4.e3 cxd4 5.exd4 Be7 6.Ngf3 Nc6 7.Bd3 O-O 8.O-O Nd5
9.Bxe7 Ncxe7 10.Re1 b6 11.c3 Bb7 12.Qc2 h6 13.Bf1 Nf6 14.a4 a6 15.g3 Qc7
16.Bg2 d6 17.Nh4 b5 18.axb5 axb5 19.Qb3 Bd5 20.Bxd5 Nfxd5 21.Nhf3  1/2-1/2

[Event "TCh-ESP CECLUB Norte Div 1"]
[Site "Sabadell ESP"]
[Date "2007.08.16"]
[Round "3"]
[White "Del Rey,D"]
[Black "Adla,D"]
[Result "1/2-1/2"]
[WhiteElo "2389"]
[BlackElo "2472"]

1.d4 Nf6 2.Bg5 e6 3.e4 h6 4.Bxf6 Qxf6 5.c3 d6 6.Bd3 Qg5 7.g3 e5 8.Qd2 Qe7
9.Ne2 Bh3 10.Qe3 g6 11.f4 Nd7 12.Nd2 Bg7 13.Qf2 Nf6 14.O-O-O O-O 15.Rhe1 exd4
16.Nxd4 Bg4  1/2-1/2

[Event "RC Sport Open"]
[Site "Ceska Trebova CZE"]
[Date "2007.08.17"]
[Round "9"]
[White "Cerveny,M"]
[Black "Novotny,M1"]
[Result "0-1"]
[WhiteElo "2304"]
[BlackElo "2219"]

1.d4 Nf6 2.Bg5 e6 3.Nc3 h6 4.Bxf6 Qxf6 5.e4 Qd8 6.f4 b6 7.Qf3 Bb7 8.Nge2 d6
9.h4 Nd7 10.O-O-O a6 11.g4 Qe7 12.Bg2 O-O-O 13.Qf2 Kb8 14.Rh3 Rc8 15.f5 c5
16.Kb1 cxd4 17.Rxd4 Qf6 18.Ng3 Qe5 19.Nh5 Be7 20.fxe6 fxe6 21.Qe3 Rhf8 22.Ng3 Rf4
23.h5 Bg5 24.Qg1 Rcf8 25.Bf1 Rxg4 26.Rd3 Nc5  0-1

[Event "Petrovskaya Ladya IM2"]
[Site "Peterhof RUS"]
[Date "2007.08.18"]
[Round "9"]
[White "Rozum,I"]
[Black "Serov,M"]
[Result "1/2-1/2"]
[WhiteElo "2354"]
[BlackElo "2265"]

1.d4 Nf6 2.Bg5 e6 3.c4 c5 4.d5 d6 5.Nc3 Be7 6.Nf3 O-O 7.Qd2 h6 8.Bxf6 Bxf6
9.dxe6 Bxe6 10.e3 Nc6 11.Be2 Qa5 12.O-O Bxc3 13.bxc3 Rad8 14.Qb2 Qc7 15.Nd2 Rd7
16.e4 Kh8  1/2-1/2

[Event "Independence Cup A"]
[Site "Kyiv UKR"]
[Date "2007.08.19"]
[Round "7"]
[White "Panchenko,AG"]
[Black "Marusenko,P"]
[Result "1/2-1/2"]
[WhiteElo "2346"]
[BlackElo "2321"]

1.d4 Nf6 2.Bg5 e6 3.e3 b6 4.c4 Bb7 5.Nc3 Be7 6.Nf3 Ne4 7.Bxe7 Qxe7 8.Qc2 f5
9.Bd3 Nxc3 10.Qxc3 O-O 11.Be2  1/2-1/2

[Event "Dato Arthur Tan Malaysian Op"]
[Site "Kuala Lumpur MAS"]
[Date "2007.08.21"]
[Round "4"]
[White "Brockman,R"]
[Black "Jones,B"]
[Result "1/2-1/2"]
[WhiteElo "1797"]
[BlackElo "2084"]

1.d4 Nf6 2.Bg5 e6 3.e4 h6 4.Bxf6 Qxf6 5.c3 d6 6.Bd3 Nd7 7.Ne2 e5 8.O-O g5
9.d5 Bg7 10.Ng3 O-O 11.Nf5 Nc5 12.g4 Bxf5 13.gxf5 Nxd3 14.Qxd3 Kh8 15.Nd2 Rg8
16.Kh1 Qe7 17.Rg1 Bf6 18.Qh3 Rg7 19.Qh5 c6 20.c4 cxd5 21.cxd5 Rc8 22.Rac1 Rxc1
23.Rxc1 Kh7 24.h3 Qd8 25.Qe2 Be7 26.Nf1 Qa5 27.Rc3 a6 28.Ra3 Qc5 29.Rc3 Qa7
30.Ne3 b5 31.Qc2 Bd8 32.Rc6 Qe7 33.Ng4 Rg8 34.f6 Qd7 35.Kg2 h5 36.Ne3 Rg6
37.Nf5 Rxf6 38.Rxa6 Kg6 39.Qc6 Qxc6 40.Rxc6 b4 41.Rxd6 Rxd6 42.Nxd6 Kf6 43.a3 bxa3
44.bxa3 Ke7 45.Nc4 f6  1/2-1/2

[Event "Dato Arthur Tan Malaysian Op"]
[Site "Kuala Lumpur MAS"]
[Date "2007.08.22"]
[Round "6"]
[White "Brockman,R"]
[Black "Kojima,S"]
[Result "0-1"]
[WhiteElo "1797"]
[BlackElo "2156"]

1.d4 Nf6 2.Bg5 e6 3.e4 h6 4.Bxf6 Qxf6 5.c3 d5 6.e5 Qd8 7.Nf3 c5 8.dxc5 Bxc5
9.Bd3 Qb6 10.Qe2 Nc6 11.O-O Bd7 12.b4 Be7 13.a4 g5 14.b5 Na5 15.Nbd2 Rc8
16.Rfc1 h5 17.Nd4 g4 18.g3 Bg5 19.Rc2 Ke7 20.N2b3 Nc4 21.Bxc4 Rxc4 22.Nd2 Rcc8
23.Qd3 Qc7 24.Re1 a6 25.bxa6 bxa6 26.c4 Bxa4 27.Qa3+ Qc5 28.Qxa4 Qxd4 29.Nb3 Qd3
30.Qb4+ Ke8 31.Rc3 Qg6 32.cxd5 Rxc3 33.Qxc3 Kf8 34.d6 Kg7 35.d7 Rb8 36.Nd4 Rb1
37.Rxb1 Qxb1+ 38.Kg2 Qe4+ 39.Kg1 Qd5 40.f4 Bd8 41.Qd3 Bb6  0-1

[Event "Dato Arthur Tan Malaysian Op"]
[Site "Kuala Lumpur MAS"]
[Date "2007.08.25"]
[Round "9"]
[White "Rahman,Zia"]
[Black "Li Ruofan"]
[Result "1/2-1/2"]
[WhiteElo "2522"]
[BlackElo "2417"]

1.d4 Nf6 2.Bg5 e6 3.e4 h6 4.Bxf6 Qxf6 5.Nc3 Bb4 6.Ne2 d6 7.Qd3 c5 8.dxc5 dxc5
9.a3 Bxc3+ 10.Qxc3 Qxc3+ 11.Nxc3 Nc6 12.O-O-O Ke7 13.g3 b6 14.Bg2 Bb7 15.e5 Rab8
16.f4 Nd4 17.Bxb7 Rxb7 18.Ne4 Rd8 19.c3 Nc6 20.b4 cxb4 21.axb4 f6 22.Rxd8 Nxd8
23.exf6+ gxf6 24.Rd1 Nf7 25.Kc2 Rc7 26.Kb3 f5 27.Nd2 Rd7 28.Kc2 e5 29.Re1 e4
30.g4 Kf6 31.gxf5 Kxf5 32.Nxe4 Kxf4 33.Nf6 Rd6 34.Rf1+ Ke5 35.Ne8 Rd7 36.c4 Ng5
37.Re1+ Kf4 38.Nf6 Rd6 39.Nd5+ Kg4 40.Kc3 Re6 41.Rg1+ Kh4 42.Ra1 a5 43.bxa5 bxa5
44.Rxa5 Nf3 45.Ra2 Re4 46.Kd3 Rg4 47.Re2 Nd4 48.Re3 Nb3 49.Kc3 Na5 50.Nb6 Rg2
51.c5 Rxh2 52.Re6 Kg5 53.Kb4 Rc2 54.Re5+ Kf4 55.Re6 Nb7 56.c6 Nd8 57.Rxh6  1/2-1/2

[Event "Dato Arthur Tan Malaysian Op"]
[Site "Kuala Lumpur MAS"]
[Date "2007.08.25"]
[Round "10"]
[White "Brockman,R"]
[Black "Balendran,S"]
[Result "1-0"]
[WhiteElo "1797"]
[BlackElo "1951"]

1.d4 Nf6 2.Bg5 e6 3.e4 Be7 4.e5 Nd5 5.Bxe7 Qxe7 6.c4 Nb6 7.Nf3 d6 8.Bd3 Nc6
9.O-O dxe5 10.dxe5 Nd7 11.Re1 Nc5 12.Bf1 a5 13.a3 b6 14.Nc3 Bb7 15.Qc2 h5
16.Rad1 g5 17.Nd5 exd5 18.cxd5 O-O-O 19.dxc6 Bxc6 20.Rxd8+ Rxd8 21.b4 Bxf3
22.bxc5 Bd5 23.cxb6 Kb8 24.bxc7+ Qxc7 25.Rb1+ Bb7 26.Qf5 Ka7 27.Qxg5 Re8
28.Qe3+ Ka8 29.f4 h4 30.Qb6 Qxb6+ 31.Rxb6 Rc8 32.Rb5  1-0

[Event "15th Open"]
[Site "Nikea GRE"]
[Date "2007.08.26"]
[Round "5"]
[White "Katsiris,I"]
[Black "Liargovas,D"]
[Result "1/2-1/2"]
[WhiteElo "2124"]
[BlackElo "1846"]

1.d4 Nf6 2.Bg5 e6 3.e4 h6 4.Bxf6 Qxf6 5.Nf3 d6 6.Nc3 c6 7.Qd2 g5 8.e5 Qd8
9.Ne4 dxe5 10.Nxe5 Nd7 11.f4 Nf6 12.Bd3 Bg7 13.fxg5 Nxe4 14.Bxe4 Bxe5 15.dxe5 Qxd2+
16.Kxd2 hxg5 17.Raf1 Bd7 18.Rf3 O-O-O 19.Kc3 Be8 20.Rg3 Rh5 21.Rg4 c5 22.h3 Bb5
23.Bf3 Rh4 24.Rd1 Rxg4 25.Rxd8+ Kxd8 26.Bxg4 Ke7 27.g3 f5 28.Bf3 b6 29.Kd2 Bf1
30.h4 f4 31.hxg5 fxg3 32.Ke3 Kf7 33.Be4 Kg7 34.Kf3 g2 35.Kf2 a6 36.a3 Kf7
37.b4 cxb4 38.axb4 a5 39.bxa5 bxa5 40.Bc6 Kg6 41.Bd7 Bc4 42.Kxg2 Kxg5 43.Kf2 Kf5
44.Ke3 Kxe5 45.Kd2 Kd4 46.c3+ Kc5 47.Bxe6  1/2-1/2

[Event "Kalamaria Open"]
[Site "Thessaloniki GRE"]
[Date "2007.08.27"]
[Round "4"]
[White "Stocek,J"]
[Black "Wippermann,T"]
[Result "1-0"]
[WhiteElo "2572"]
[BlackElo "2423"]

1.d4 Nf6 2.Bg5 e6 3.c4 h6 4.Bh4 g5 5.Bg3 Ne4 6.Nc3 Nxg3 7.hxg3 Bg7 8.e3 d6
9.Qc2 Nc6 10.d5 Ne7 11.dxe6 Bxe6 12.Nf3 c6 13.Nd4 Qa5 14.Be2 O-O-O 15.O-O-O Kb8
16.Nxe6 fxe6 17.Bg4 Nf5 18.Kb1 Rhf8 19.Rd3 d5 20.cxd5 exd5 21.Bxf5 Rxf5 22.Rhd1 Re8
23.e4 dxe4 24.Nxe4 Ref8 25.Rd7 R5f7 26.Nc5 Kc8 27.Rxf7 Rxf7 28.Qc4 Rxf2 29.Qe6+ Kc7
30.Qd7+ Kb6 31.Qd8+ Kb5 32.a4+ Kb4 33.Nd3+  1-0

[Event "15th Open"]
[Site "Nikea GRE"]
[Date "2007.08.28"]
[Round "7"]
[White "Katsiris,I"]
[Black "Malamatas,K"]
[Result "1/2-1/2"]
[WhiteElo "2124"]
[BlackElo "1901"]

1.d4 Nf6 2.Bg5 e6 3.e4 h6 4.Bxf6 Qxf6 5.Nf3 g6 6.Nc3 Bg7 7.Qd2 O-O 8.O-O-O b6
9.Ne1 Bb7 10.f4 d5 11.e5 Qe7 12.g4 c5 13.Nf3 Nc6 14.Nb5 cxd4 15.Nbxd4 Nxd4
16.Qxd4 Qc5 17.h4 Qxd4 18.Rxd4 Rfc8 19.h5 Bf8 20.g5 Bc5 21.hxg6 fxg6 22.Rxh6 Kg7
23.Rd1 Be3+ 24.Kb1 Rh8 25.Bd3 Rxh6 26.gxh6+ Kxh6 27.Rh1+ Kg7 28.Ng5 Rh8 29.Nxe6+ Kg8
30.Rxh8+ Kxh8 31.Bxg6 Bc8 32.Nd8 Bxf4 33.e6 Bg5 34.Nf7+ Kg7 35.Nxg5 Kxg6
36.e7 Bd7 37.Ne6 Kf7 38.Nc7 d4 39.Nd5 Be6 40.Nf4 Kxe7 41.Ne2 Kd6 42.Nxd4 Bd7
43.c3 Kd5 44.Kc2 Kc4 45.b3+ Kd5 46.Kd3 a6 47.a3 Bc8 48.c4+ Kd6 49.Ne2 a5
50.Kd4 Bb7 51.Nc3 Bc6 52.Ne4+ Ke6 53.Nc3 Kd6 54.Nd5 b5 55.c5+ Ke6 56.Nf4+ Kf5
57.Nd3 Ke6 58.Ne5 Bd5 59.b4 axb4 60.axb4 Bg2 61.Nd3 Bc6 62.Nf2 Bb7 63.Ne4 Ba8
64.Nd6 Bc6 65.Nc8 Bd7 66.Na7 Be8 67.Ke4 Bg6+ 68.Kf4 Be8 69.Kg5 Kd5 70.Kf6 Kc4
71.c6 Kxb4 72.c7 Bd7 73.Ke7 Bh3 74.Nc6+ Ka3 75.Kd8 b4 76.Nxb4  1/2-1/2

[Event "1st Serbian League Men"]
[Site "Zlatibor SRB"]
[Date "2007.08.28"]
[Round "7"]
[White "Miladinovic,I"]
[Black "Dragojlovic,A"]
[Result "1-0"]
[WhiteElo "2605"]
[BlackElo "2432"]

1.d4 Nf6 2.Bg5 e6 3.e3 c5 4.c3 Be7 5.Nd2 d5 6.Bd3 Nbd7 7.f4 b6 8.Ngf3 Bb7
9.Ne5 a6 10.O-O Ne4 11.Bxe4 dxe4 12.Ndc4 Nf6 13.dxc5 Bxc5 14.Qxd8+ Rxd8 15.b4 Be7
16.Nxb6 Nd5 17.Nxd5 exd5 18.Bxe7 Kxe7 19.Ng4 Rc8 20.Rfc1 Rc4 21.Nf2 Rhc8
22.Nd1 a5 23.a3 Ba6 24.Rcb1 R4c7 25.b5 Bb7 26.Ra2 Kd6 27.Rd2 Rxc3 28.Nxc3 Rxc3
29.b6 a4 30.Kf2 Rxa3 31.Rc2 d4 32.exd4 e3+ 33.Ke1 Rb3 34.Rxb3 axb3 35.Rc1  1-0

[Event "1st Serbian League Men"]
[Site "Zlatibor SRB"]
[Date "2007.08.31"]
[Round "10"]
[White "Ivanisevic,I"]
[Black "Dragojlovic,A"]
[Result "1-0"]
[WhiteElo "2595"]
[BlackElo "2432"]

1.d4 Nf6 2.Bg5 e6 3.e4 c5 4.d5 h6 5.Bxf6 Qxf6 6.Nc3 a6 7.Nf3 d6 8.a4 b6 9.dxe6 Bxe6
10.Nd2 Nc6 11.Bc4 Nb4 12.O-O g6 13.Re1 Bg7 14.Bxe6 fxe6 15.e5 dxe5 16.Nde4 Qd8
17.Nd6+ Ke7 18.Nce4 Ra7 19.c3 Nd5 20.Qg4 g5 21.h4 Rd7 22.Nc4 Bf6 23.hxg5 hxg5
24.Nxg5 Qg8 25.Rxe5 Bxe5 26.Nxe5 Nf6 27.Qf4 Rd5 28.c4 Rh4 29.Qxh4 Rxe5 30.f4 Re2
31.Re1 Rxe1+ 32.Qxe1 Nh7 33.Qe5 Nf8 34.Ne4 Qg6 35.Kf2 Ke8 36.Kf3 Nd7 37.Qh8+ Nf8
38.g4 Kf7 39.Qh4 Kg8 40.Qg5 a5 41.Qxg6+ Nxg6 42.Ng5  1-0

[Event "Open"]
[Site "Liverpool ENG"]
[Date "2007.09.03"]
[Round "2"]
[White "Taylor,E"]
[Black "Greet,A"]
[Result "0-1"]
[WhiteElo "2072"]
[BlackElo "2441"]

1.d4 Nf6 2.Bg5 e6 3.Nd2 h6 4.Bh4 c5 5.e3 Be7 6.Bd3 cxd4 7.exd4 b6 8.Ngf3 Ba6
9.Bxa6 Nxa6 10.c3 O-O 11.O-O d6 12.h3 Qd7 13.Qe2 Nc7 14.Bg3 b5 15.a3 Ncd5
16.Ne1 Nb6 17.Nd3 a5 18.f4 g6 19.Ne4 Nfd5 20.Be1 f5 21.Ng3 Bf6 22.Bf2 Rae8
23.Rfe1 Bg7 24.Nf1 Qc6 25.Qf3 Rf7 26.Ne3 Rc7 27.Nxd5 Nxd5 28.Rac1 Kf7 29.Qe2 Nb6
30.Ra1 Qc4 31.Rac1 Nd5 32.Qd2 Nf6 33.Bh4 Ne4 34.Qe3 Rec8 35.Rcd1 Qb3 36.Rc1 d5
37.Bf2 b4 38.axb4 axb4 39.cxb4 Rxc1 40.Ne5+ Bxe5 41.Qxb3 Bxd4 42.Bxd4 Rxe1+
43.Kh2 Rcc1  0-1

[Event "FSIM September"]
[Site "Budapest HUN"]
[Date "2007.09.04"]
[Round "4"]
[White "Ismail,S"]
[Black "Arjun,V"]
[Result "0-1"]
[WhiteElo "2178"]
[BlackElo "2325"]

1.d4 Nf6 2.Bg5 e6 3.e4 h6 4.Bxf6 Qxf6 5.Nf3 d5 6.e5 Qd8 7.c3 c5 8.a3 a5 9.Bd3 Qb6
10.Qd2 a4 11.O-O Nc6 12.Qc2 Bd7 13.dxc5 Bxc5 14.c4 Nd4 15.Nxd4 Bxd4 16.Nc3 dxc4
17.Bxc4 Bxe5 18.Qe2 Bxc3 19.bxc3 O-O 20.Rfd1 Bc6 21.Rd3 Ra5 22.Rg3 Rg5 23.Rxg5 hxg5
24.Rd1 Rd8 25.Rxd8+ Qxd8 26.h3 Qd6 27.Qg4 Qe5 28.Qd4 Qxd4 29.cxd4 b5 30.Bd3 b4
31.axb4 a3 32.Bb1 Bd5 33.b5 a2 34.Bxa2 Bxa2 35.b6 Bd5  0-1

[Event "4th LGA Premium Cup"]
[Site "Nuernberg GER"]
[Date "2007.09.07"]
[Round "2"]
[White "Weil,V"]
[Black "Bromberger,S"]
[Result "0-1"]
[WhiteElo "2148"]
[BlackElo "2500"]

1.d4 Nf6 2.Bg5 e6 3.Nf3 Be7 4.Nbd2 c5 5.e3 b6 6.c3 Bb7 7.Bd3 h6 8.Bxf6 Bxf6
9.O-O Nc6 10.Qa4 a6 11.dxc5 bxc5 12.e4 O-O 13.Rfe1 Qc7 14.Nf1 g6 15.Ng3 Bg7
16.Rad1 Rad8 17.Bb1 Kh8 18.Nd2 d5 19.exd5 exd5 20.Qh4 Rd6 21.Nb3 c4 22.Nd4 Nxd4
23.cxd4 Rf6 24.Re5 Qb6 25.Re2 Bc8 26.f4 Re6 27.Rxe6 fxe6 28.Bxg6 Qxb2 29.Qe7 Rxf4
30.Kh1 Qb7 31.Qd6 Rf6 32.Qd8+ Rf8 33.Qh4 Qb6 34.Bc2 Qb2 35.Bb1 c3  0-1

[Event "FSGM September"]
[Site "Budapest HUN"]
[Date "2007.09.09"]
[Round "9"]
[White "Bui Vinh"]
[Black "Fogarasi,T"]
[Result "1/2-1/2"]
[WhiteElo "2466"]
[BlackElo "2425"]

1.d4 Nf6 2.Bg5 e6 3.e4 h6 4.Bxf6 Qxf6 5.c3 d6 6.Bd3 g6 7.Ne2 e5 8.O-O Bg7
9.f4 Qe7 10.Nd2 O-O 11.Nf3 Nd7 12.Kh1 exd4 13.cxd4 c5 14.f5 cxd4 15.Nexd4 Ne5
16.fxg6 fxg6 17.Qb3+ Kh7 18.Nxe5 Rxf1+ 19.Rxf1 Qxe5 20.Nf3 Qxb2 21.Qd5 Bg4
22.Qxd6 Qb6 23.Qg3 Rd8 24.Qxg4 Rxd3 25.h4 Qb5 26.e5 Ra3 27.Re1 Ra4 28.Qg3 Rxa2
29.e6 Re2 30.Rxe2 Qxe2 31.Qd6 a5 32.e7 a4 33.Qb4 Bf6 34.Qxa4 Qxe7 35.Qg4 h5
36.Qc4 Qd7 37.Ng5+ Bxg5 38.hxg5 b5 39.Qc5 Qb7 40.Qb4 Kg7 41.Qd4+ Kh7 42.Qb4 Qc6
43.Qe7+ Kg8 44.Kh2 Qb6  1/2-1/2

[Event "ch-Africa Men Playoff"]
[Site "Windhoek NAM"]
[Date "2007.09.10"]
[Round "2.1"]
[White "Abdel Razik,K"]
[Black "Simutowe,A"]
[Result "0-1"]
[WhiteElo "2372"]
[BlackElo "2421"]

1.d4 Nf6 2.Bg5 e6 3.Nd2 c5 4.e3 d5 5.Ngf3 Nbd7 6.c3 Qc7 7.Qa4 Be7 8.Ne5 O-O
9.f4 Bd6 10.Bd3 cxd4 11.exd4 Ne4 12.Bxe4 dxe4 13.Qb3 Re8 14.Nxe4 f6 15.O-O fxg5
16.Nxg5 Nf6 17.Rae1 h6 18.Ngf3 b6 19.f5 Kh7 20.g4 exf5 21.g5 Be6 22.Qc2 Nd7
23.Ng4 g6 24.gxh6 Bf4 25.Nfe5 Bxe5 26.Nxe5 Nxe5 27.Rxe5 Bf7 28.Rfe1 Rxe5
29.Rxe5 Re8  0-1

[Event "Reykjavik CC Inv"]
[Site "Reykjavik ISL"]
[Date "2007.09.17"]
[Round "1"]
[White "Kaunas,K"]
[Black "Kjartansson,G"]
[Result "0-1"]
[WhiteElo "2273"]
[BlackElo "2306"]

1.d4 Nf6 2.Bg5 e6 3.e4 h6 4.Bxf6 Qxf6 5.Nc3 d6 6.Nf3 g5 7.e5 Qe7 8.Bb5+ Bd7
9.Qe2 Bg7 10.O-O-O a6 11.Bxd7+ Nxd7 12.exd6 Qxd6 13.Ne4 Qb6 14.c3 O-O-O 15.Ng3 g4
16.Nd2 h5 17.h3 f5 18.hxg4 hxg4 19.Rxh8 Bxh8 20.Re1 f4 21.Nge4 e5 22.Nc4 Qc6
23.dxe5 f3 24.gxf3 gxf3 25.Qf1 Bxe5 26.Ned2 Bf4 27.Kb1 Nc5 28.Qh3+ Kb8 29.Nxf3 Qe4+
30.Rxe4 Rd1+  0-1